Регионална библиотека "Любен Каравелов" - Русе

Сборник от задачи по диференциално и интегрално смятане (Запис номер 77482)

MARC детайли
000 -Лидер
Контролно поле с фиксирана дължина 02134nam a2200409 a 4500
003 - Код на организацията, давaща контролен номер
Контролно поле BLK
005 - Дата и час на последна редакция
Контролно поле 20241125125934.0
008 - Елементи от данни с фиксирана дължина
fixed length control field 180408b bul|||||r ||||||| ||bul||
040 ## - Източник на каталожния запис
Идентификатор на билиотеката - собственик на записа BLK
041 ## - Код за език
Код за езика на текст/звукозапис или на отделно заглавие Български
Код за езика КДБФ Български
080 ## - УДК
Текстов определител УДК Диференциално смятане. Диференциране. Вж и 517.5
УДК код - определител по УДК 517.2
УДК определител (075.8)
УДК - код + определител 517.2(075.8)
080 ## - УДК
Текстов определител УДК Интегрално смятане. Интегриране. Вж и 517.5
УДК код - определител по УДК 517.3
УДК определител (075.8)
УДК - код + определител 517.3(075.8)
100 1# - Редна дума - Автор
Автор Проданов, Иван Рачев
Авторска отговорност първи автор
R(LIN) 298359
139 ## - Редно поле
Редна дума Проданов, Иван Рачев и др.
Авторски знак Прод - П 91
245 10 - Сведения за заглавието
Заглавие Сборник от задачи по диференциално и интегрално смятане
Подзаглавни данни За студенти от СУ Св. Климент Охридски : Ч. 1 -
Редно поле (дума) Иван Проданов, Николай Хаджииванов, Иван Чобанов.
Том Ч. 1
Заглавие на том Функции на една променлива
257 ## - Страна на издаване
Страна на създаване/издаване България
260 ## - Област на издателските данни
Име на издателя, разпространителя и проч. Наука и изкуство
Година на издаване 1976 -
Печатница За том: Ямбол : печ. Г. Димитров
300 ## - Физическа характеристика
Размери/Мащаб 22 см
380 ## - Жанр
Жанр Естествени науки. Математика
650 #4 - Допълнително описание по предмет – тема
Основно описание – тема или топоним Диференциално смятане
9 (RLIN) 153554
650 #4 - Допълнително описание по предмет – тема
Основно описание – тема или топоним Интегрално смятане - учебници за ВУЗ
9 (RLIN) 245137
650 #4 - Допълнително описание по предмет – тема
Основно описание – тема или топоним Функции (мат.) - учебници за ВУЗ
9 (RLIN) 272837
653 ## - Ключова дума – ненормативна
Ключова дума диференциално смятане
653 ## - Ключова дума – ненормативна
Ключова дума интегрално смятане
653 ## - Ключова дума – ненормативна
Ключова дума функции
653 ## - Ключова дума – ненормативна
Ключова дума учебници за ВУЗ
700 1# - Други автори (авторска отговорност)
Лично име Хаджииванов, Николай Георгиев
Автороска отговорност (Описва отношението между автора и произведението) съавт.
9 (RLIN) 372007
700 1# - Други автори (авторска отговорност)
Лично име Чобанов, Иван Георгиев
Автороска отговорност (Описва отношението между автора и произведението) съавт.
9 (RLIN) 369738
760 1# - Описание на основната серия
Редна дума на основното описание Проданов, Иван Рачев
Издание 1976
Страници - том 532 с.
Забележка - том Предм. показалец
Част - том Ч. 1
Заглавие Функции на една променлива
852 ## - Местоположение
Форматна сигнатура Цб 83429
Фондова буква Хранилище
856 4# - Електронен адрес и достъп
Електронен формат pdf - файл
Инструкция (цена за достъп) 0.00
Права за достъп disable
856 4# - Електронен адрес и достъп
Електронен формат pdf - файл
Инструкция (цена за достъп) 0.00
Права за достъп disable
999 ## - СИСТЕМНИ КОНТРОЛНИ НОМЕРА
Koha biblionumber 77482
Koha biblioitemnumber 77482
942 ## - АРТИКУЛИ
Вид на библиотечния материал Книги
Скрит в OPAC Не
Периодичен библиозапис Да
Koha issues (borrowed), all copies 1
944 ## - СЪЗДАВАНЕ И РЕДАКЦИЯ на ЗАПИСА
Създаване/Редакция Създаване
Дата на регистрацията/редакция 29.02.2008
Служител, извършил регистрацията/редакцията 30553
Статус, дата на статуса Иваничка Йорданова
944 ## - СЪЗДАВАНЕ И РЕДАКЦИЯ на ЗАПИСА
Създаване/Редакция Редакция
Дата на регистрацията/редакция 19.05.2008
999 ## - СИСТЕМНИ КОНТРОЛНИ НОМЕРА
Koha biblioitemnumber 77482
Наличности
Код за отписване Код за изгубен артикул Код за повреда Коз за рестрикции Код за отдаване Артикулен № Име на библиотеката - собственик Име на библиотеката, в която се намира в момента Статус (Текущо местоположение) Дата на вписване в системата Местоположение - отдел Цена в лева Инвентарен номер Систематично азбучна сигнатура Баркод Номер на екземпляра Цена в евро Служебна бележка Служебен тип на артикула Източник на класификационната схема
  Не е изгубен Не е повреден без рестрикции заемане за дома 125501 Регионална библиотека "Любен Каравелов" Русе Регионална библиотека "Любен Каравелов" Русе Заемна - подръчен фонд 2008-02-28 Заемна - подръчен фонд 9.00 120000724053 П 517/П 91 120000724053 1 4.60 Дост: Ak Вид: Г N: 5 Дата: 28.02.2008 Дата инв: 08.02.2018 Бележки инв: П2018 Книги  
Изтеглен Не е изгубен Не е повреден без рестрикции заемане за дома 125502 Регионална библиотека "Любен Каравелов" Русе Регионална библиотека "Любен Каравелов" Русе Заемна - подръчен фонд 1976-01-01 Заемна - подръчен фонд 1.91 217624 П 517/П 91 217624 2 0.98 Дост: Dp Вид: Ф N: стар фонд Дата: 01.01.1976 Книги Universal Decimal Classification
Изтеглен Не е изгубен Не е повреден без рестрикции заемане за дома 125503 Регионална библиотека "Любен Каравелов" Русе Регионална библиотека "Любен Каравелов" Русе Заемна - подръчен фонд 1976-01-01 Заемна - подръчен фонд 1.91 217633 П 517/П 91 217633 3 0.98 Дост: Dp Вид: Ф N: стар фонд Дата: 01.01.1976 Книги Universal Decimal Classification
  Не е изгубен Не е повреден само за читалня ползва се в читалня 125504 Регионална библиотека "Любен Каравелов" Русе Регионална библиотека "Любен Каравелов" Русе Хранилище 1976-01-01 Хранилище 1.91 217316 Цб 83429 120000217316 4 0.98 Дост: Dp Вид: Д N: стар фонд Дата: 01.01.1976 Книги Universal Decimal Classification
Vip Innovations Ltd, Rousse, Bulgaria 2025